Normal view
MARC view
Entry Personal Name
001 - CONTROL NUMBER
- control field: 17401
003 - CONTROL NUMBER IDENTIFIER
- control field: BD-RjUL
005 - DATE AND TIME OF LATEST TRANSACTION
- control field: 20251127102031.0
008 - FIXED-LENGTH DATA ELEMENTS
- fixed length control field: 251127|| aca||aabn | a|a d
040 ## - CATALOGING SOURCE
- Original cataloging agency: BD-RjUL
- Transcribing agency: BD-RjUL
100 ## - HEADING--PERSONAL NAME
- Personal name: Winstedt, Eric Otto
670 ## - SOURCE DATA FOUND
- Source citation: Work cat.: (BD-RjUL)21951: Cicero, Marcus Tullius. 67770, Letters to Atticus /, [Reprinted 1953].